000 00468nam a2200181Ia 4500
001 3357
005 20260306145637.0
008 260306t2007||||xx |||||||||||||| ||spa||
041 _aESP
082 _a270
_bR27
100 _aBenedicto XVI, Papa
_eAUT
245 0 _aLa sal de la tierra:
_bcristianismo e iglesia católica ante el nuevo milenio
260 _c2007
300 _a310 páginas :
_c21 cm.
650 _aGEN
654 _aCHU
942 _cLIB
_dJUS
_fJUS
_2ddc
_n
999 _c3357
_d3357